Central Library OPAC University of Rajshahi
Normal view MARC view

Entry Topical Term

Number of records used in: 1

001 - CONTROL NUMBER

  • control field: 6781

003 - CONTROL NUMBER IDENTIFIER

  • control field: BD-RjUL

005 - DATE AND TIME OF LATEST TRANSACTION

  • control field: 20230131131416.0

008 - FIXED-LENGTH DATA ELEMENTS

  • fixed length control field: 230131|| aca||aabn | a|a d

040 ## - CATALOGING SOURCE

  • Original cataloging agency: BD-RjUL
  • Transcribing agency: BD-RjUL

150 ## - HEADING--TOPICAL TERM

  • Topical term or geographic name entry element: Women
  • General subdivision: Education
  • Geographic subdivision: Bangladesh
  • Chronological subdivision: 1947-2000 A. D

670 ## - SOURCE DATA FOUND

  • Source citation: Work cat.: (BD-RjUL)80043: নার্গীস, মোছা. খাদিজা 3898, বাংলাদেশে নারী শিক্ষা, ১৯৪৭-২০০০ :, ২০০৮